LEADER 01009nam0-2200325---450- 001 990009210660403321 005 20100723092837.0 010 $a0-387-24347-X 035 $a000921066 035 $aFED01000921066 035 $a(Aleph)000921066FED01 035 $a000921066 100 $a20100723d2005----km-y0itay50------ba 101 0 $aeng 102 $aUS 105 $aa-------001yy 200 1 $aGraph theory, combinatorics, and algorithms$einterdisciplinary applications$fedited by Martin Charles Golumbic, Irith Ben-Arroyo Hartman 210 $aNew York$cSpringer$dİ2005 215 $axi, 292 p.$cill.$d24 cm 610 0 $aTeoria dei grafi$aApplicazioni 676 $a511.5 700 1$aGolumbic,$bMartin Charles$0104097 701 1$aHartman,$bIrith Ben-Arroyo$0322414 801 0$aIT$bUNINA$gRICA$2UNIMARC 901 $aBK 912 $a990009210660403321 952 $a511.5-GOL-1$b4325$fSC1 959 $aSC1 996 $aGraph theory, combinatorics, and algorithms$9777345 997 $aUNINA